000 00308nam a22001337a 4500
020 _a978-1407-10499-7
082 _a823
_bNIC/W
100 _aNICHILLS, SALLY
245 _aWAYS TO LIVE FOREVER
260 _aLONDON
_bMARION LLYOD BOOKS
_c2008
300 _a200
650 _aNOVEL
_zUNITED KINGDOM
942 _cBK
999 _c3621
_d3621